| 000 | 01669 a2200229 4500 | ||
|---|---|---|---|
| 020 | _a007232113X | ||
| 020 | _a9780072321135 | ||
| 082 | 0 | 4 | _a657.3 |
| 090 |
_c2379 _d2379 |
||
| 100 | 1 | _aWild, John J. | |
| 245 | 1 | 0 |
_aFinancial statement analysis / _cJohn J. Wild. |
| 250 | _a7th ed. | ||
| 260 |
_a[S.l.] : _bMcGraw-Hill Companies, _c2000. |
||
| 300 |
_a1040 p. ; _c26 cm. |
||
| 500 | _aHardcover. | ||
| 520 | _aThe practice of financial statement analysis is important because of its enormous implications for economic development, allocation of financial resources, and the economic well-being of many companies and individuals. This textbook's goal is to give readers a distinct competitive advantage in an increasingly competitive market as it continues to set the standard in showing students the keys to effective financial statement analysis. This text is aimed at students with broad business career interests, as well as those specializing in accounting and finance. As such, it broadens the book's appeal and the perspectives of students not accustomed to thinking in the larger decision-making context. The authors used 3 key considerations guiding their writing efforts: 1. To make the book relevant to students; 2. To encourage students to think in an evaluative or inferential manner; and 3. To make the material accessible and interesting to students. | ||
| 700 | 1 | _aBernstein, Leopold A. | |
| 700 | 1 | _aSubramanyam, K. R. | |
| 856 | 4 | 0 |
_3Amazon.com _uhttp://www.amazon.com/exec/obidos/ASIN/007232113X/chopaconline-20 |
| 856 | 4 | 0 |
_3Amazon customer reviews _uhttp://www.chopac.org/cgi-bin/tools/azrev.pl?q=007232113X |
| 942 |
_aNBS _cBK _k657.13 WIL |
||
| 999 |
_c344877 _d344877 |
||